| 000 | 01803cam a22003251i 4500 | ||
|---|---|---|---|
| 003 | SA-RiAUC | ||
| 005 | 20241103151312.0 | ||
| 008 | 241101s1999 le g b 00100 ara c | ||
| 040 |
_aSA-RiKSU _bara _cSA-RiAUC _erda |
||
| 082 | 0 | 4 |
_a252.7 _qSA-RiAUC |
| 090 |
_a252.7 _bا ب ن م |
||
| 100 | 1 |
_aابن ملك، محمد بن عبد اللطيف بن عبد العزيز، _dتوفي 854 هجري _eمؤلف. |
|
| 245 | 1 | 0 |
_aمنية الصيادين في تعلم الاصطياد وأحكامه / _cمحمد بن عبد اللطيف بن فرشته ؛ تحقيق سائد بكداش. يليها فتوى الخواص في حل ما صيد بالرصاص / محمود الحمزاوي. |
| 250 | _aالطبعة الأولى. | ||
| 264 | 1 |
_aبيروت : _bدار البشائر الإسلامية، _c1999 |
|
| 300 |
_a270 صفحة ؛ _c24 سم |
||
| 336 |
_aنص _btxt _2rdacontent _3كتاب |
||
| 337 |
_aبدون وسيط _bn _2rdamedia |
||
| 338 |
_aمجلد _bnc _2rdacarrier |
||
| 500 | _aيشتمل على كشافات. | ||
| 504 | _aببليوجرافية : صفحة 230-243. | ||
| 650 | 7 |
_aالصيد (فقه إسلامي) _2aucsh |
|
| 650 | 7 |
_aالذبائح (فقه إسلامي) _2aucsh |
|
| 700 | 1 |
_aبكداش، سائد بن محمد بن يحيى _eمحقق. |
|
| 700 | 1 | 2 |
_iمع (عمل) : _aمحمود حمزة، محمود بن محمد نسيب بن حسين، _d1236-1305 هجري _tفتوى الخواص في حل ما صيد بالرصاص |
| 700 | 1 | 2 |
_iتحقيق لـ (عمل) : _aابن ملك، محمد بن عبد اللطيف بن عبد العزيز، _dتوفي 854 هجري. _tمنية الصيادين في تعلم الاصطياد وأحكامه |
| 942 |
_2ddc _cBOOK _n0 |
||
| 949 |
_aSA-JeALM _d241101 _umohamedma123 _n1 |
||
| 999 |
_c2018 _d2018 |
||